000 00590nam a2200217Ia 4500
003 OSt
005 20230519124539.0
008 210423s2012 xx 000 0 und d
020 _a978-81-265-3604-7
040 _cAL
041 _aeng
082 _a530
_223
_bWALH
100 _aWALKER (Jearl)
_9109685
245 _aHalliday and Resnick principles of physics
260 _aNew Delhi
_bWiley India Pvt Ltd
_c2012
300 _axxii,1248
_bPB
365 _b699
_cINR
650 _aPhysics
_9109686
906 _aHalliday ; physics ; principles ; Resnick ; resnick:
942 _2ddc
_cBK
999 _c166869
_d166869